00248nam a2200109Ia 4500020001900000100002600019245001500045082001200060942000800072008004100080999001700121 a9780099591320" aPATTERSON JAMES92644 0aFIRST LOVE aEF PATT cBK 210805s9999 xx 000 0 und d c56731d56730